000 00576nam a22001697a 4500
005 20251108174621.0
008 250721s2001 xx 000 0 ara d
082 1 4 _aم/330.9565/مرك
245 1 0 _aحالة الإقتصاد الأردني 2000 : تقرير عن أداء الإقتصاد الأردني ي عام 2000 /
264 1 _aعمان :
_bمركز الأردن الجديد للدراسات،
_c2001.
300 _a127ص..
650 1 7 _aالاقتصاد
650 1 7 _aالاردن
650 1 7 _aالبنك الدولي
942 _2ddc
_cREF
999 _c113666
_d113666